<?xml version="1.0" encoding="UTF-8"?>
<record
    xmlns:xsi="http://www.w3.org/2001/XMLSchema-instance"
    xsi:schemaLocation="http://www.loc.gov/MARC21/slim http://www.loc.gov/standards/marcxml/schema/MARC21slim.xsd"
    xmlns="http://www.loc.gov/MARC21/slim">

  <leader>00592nam a2200181Ia 4500</leader>
  <controlfield tag="003">LDD</controlfield>
  <controlfield tag="008">190327s9999    xx            000 0 und d</controlfield>
  <datafield tag="020" ind1=" " ind2=" ">
    <subfield code="a">9789381951293</subfield>
    <subfield code="c">240</subfield>
  </datafield>
  <datafield tag="040" ind1=" " ind2=" ">
    <subfield code="c">LDD</subfield>
  </datafield>
  <datafield tag="082" ind1=" " ind2=" ">
    <subfield code="a">8S1.09 &#x924;&#x94D;&#x930;&#x93F;5201&#x91B;</subfield>
  </datafield>
  <datafield tag="100" ind1=" " ind2=" ">
    <subfield code="a">&#x924;&#x94D;&#x930;&#x93F;&#x92A;&#x93E;&#x920;&#x940;, &#x930;&#x93E;&#x915;&#x947;&#x936;&#x92E;&#x923;&#x93F;</subfield>
  </datafield>
  <datafield tag="245" ind1=" " ind2="0">
    <subfield code="a">&#x91B;&#x928;&#x94D;&#x926;&#x94B;&#x905;&#x94D;&#x932;&#x919;&#x94D;&#x915;&#x93E;&#x930; &#x935;&#x93F;&#x935;&#x947;&#x91A;&#x928;</subfield>
  </datafield>
  <datafield tag="260" ind1=" " ind2=" ">
    <subfield code="a">&#x91C;&#x92F;&#x92A;&#x941;&#x930;</subfield>
    <subfield code="b">&#x932;&#x93F;&#x91F;&#x94D;&#x930;&#x930;&#x930;&#x947;&#x930;&#x940; &#x938;&#x930;&#x94D;&#x915;&#x93F;&#x932;</subfield>
    <subfield code="c">2012</subfield>
  </datafield>
  <datafield tag="300" ind1=" " ind2=" ">
    <subfield code="a">120</subfield>
  </datafield>
  <datafield tag="500" ind1=" " ind2=" ">
    <subfield code="a">Gifted by : &#x938;&#x94B;&#x939;&#x928;&#x930;&#x93E;&#x91C; &#x924;&#x93E;&#x924;&#x947;&#x921;&#x93C;</subfield>
  </datafield>
  <datafield tag="942" ind1=" " ind2=" ">
    <subfield code="2">ddc</subfield>
    <subfield code="c">BK</subfield>
  </datafield>
  <datafield tag="949" ind1=" " ind2=" ">
    <subfield code="a">G014325</subfield>
  </datafield>
  <datafield tag="952" ind1=" " ind2=" ">
    <subfield code="0">0</subfield>
    <subfield code="1">0</subfield>
    <subfield code="2">ddc</subfield>
    <subfield code="4">0</subfield>
    <subfield code="7">0</subfield>
    <subfield code="9">192818</subfield>
    <subfield code="a">LDD</subfield>
    <subfield code="b">LDD</subfield>
    <subfield code="d">2019-03-27</subfield>
    <subfield code="l">0</subfield>
    <subfield code="o">8S1.09 &#x924;&#x94D;&#x930;&#x93F;5201&#x91B;</subfield>
    <subfield code="p">G014325</subfield>
    <subfield code="r">2019-03-27</subfield>
    <subfield code="w">2019-03-27</subfield>
    <subfield code="y">BK</subfield>
  </datafield>
  <datafield tag="999" ind1=" " ind2=" ">
    <subfield code="c">192992</subfield>
    <subfield code="d">192992</subfield>
  </datafield>
</record>
